000 00549nam a2200193Ia 4500
003 OSt
005 20201124110941.0
008 190216s9999||||xx |||||||||||||| ||und||
020 _a9788171307715
040 _coclc
082 _a894.8123
_bBAL/A
100 _aBalakrishnan, C V
_96478
245 0 _aAtmavinu Sariyennu Thonnunna Karyangal /
_cC V Balakrishnan
250 _a1st Ed.
260 _bDc Books,
_a Kottayam:
_c1999.
300 _a194p
650 _aNovel
942 _cBK
_2ddc
_h894.8123
_iBAL/A
_k894.8123
_mBAL/A
999 _c27950
_d27950